| 000 | 00892nam a22002777a 4500 | ||
|---|---|---|---|
| 005 | 20220705061723.0 | ||
| 008 | 220705s2005 ii ||||| |||| 001 0 eng d | ||
| 020 |
_a9780670058136 _cgift |
||
| 040 |
_aNLI _beng _cEnglish Processing Division |
||
| 041 | 0 | _aeng | |
| 044 | _aii | ||
| 082 | 0 | 4 |
_223rd ed. _a306.03 _bF 989 |
| 100 | 1 | _6880-01 | |
| 245 | 0 | 4 |
_6880-02 _aThe future of knowledge & culture : _b a dictionary for the 21st century / _cedited by Vinay Lal and Ashis Nandy |
| 260 |
_aNew Delhi ; _bPenguin group, _c, 2005. |
||
| 300 |
_axxiv,375 p.; _c22 cm. |
||
| 504 | _aIndex1 | ||
| 650 | 0 |
_aSocial history _y21st century. _9875720 |
|
| 650 | 0 |
_aEconomic history _y21st century. _9890357 |
|
| 700 | 1 |
_6880-03 _aLal, Vinay _eedt. _91069710 |
|
| 700 | 1 |
_aNandy, Ashis _eedt. _91120502 _6880-03 |
|
| 852 | _aBB | ||
| 880 | 1 | _6100-01 | |
| 887 | _aupenmurmu | ||
| 942 |
_2ddc _cBKS |
||
| 999 |
_c1540586 _d1540586 |
||